000
00318nam a22001457a 4500
003
SGT
020
_a
9788121903462
082
_a
320.0954,ASI
100
_a
ASIRVATHAM, K.K.
245
_a
POLITICAL THEORY
260
_a
NEW DELHI
_b
S CHAND
_c
2015
300
_a
845
650
_a
POLITICAL THEORY
942
_2
ddc
_c
BK
_0
75
999
_c
10255
_d
10255